| 000 | 01114nam a2200253Ia 4500 | ||
|---|---|---|---|
| 999 |
_c36224 _d36224 |
||
| 001 | 2127 | ||
| 003 | GE_BSU | ||
| 005 | 20190517212838.0 | ||
| 008 | 181216s2008||||ge |||||||||||||| ||geo|| | ||
| 020 | _a9789941403859 | ||
| 040 | _cGE_BSU | ||
| 041 | _ageo | ||
| 080 | _a821.353.1–31 ტ–92 | ||
| 100 |
_aტურაშვილი, დათო _91369 |
||
| 245 |
_aჯინსების თაობა : _bკინორომანი / _cდათო ტურაშვილი ; ყდის დიზ. მართა თაბუკაშვილი |
||
| 250 | _aპირველი გამოცემა. | ||
| 264 |
_aთბილისი : _bბაკურ სულაკაურის გამომცემლობა, _c2008. |
||
| 300 |
_a157 გვ.; _b19 სმ. |
||
| 653 | _aქართული ლიტერატურა | ||
| 653 | _aქართული პროზა | ||
| 653 | _aქართული რომანი | ||
| 700 |
_aთაბუკაშვილი, მართა _eყდის დიზაინი _91370 |
||
| 942 |
_cBK _2udc |
||